| 000 | 00490nam a2200181Ia 4500 | ||
|---|---|---|---|
| 001 | 16238 | ||
| 005 | 20260306170255.0 | ||
| 008 | 260306t2023||||xx |||||||||||||| ||und|| | ||
| 041 | _aESP | ||
| 082 |
_a347.51 _bE41A T. 2 |
||
| 100 |
_aElías Laroza, Enrique, _eAUT |
||
| 245 | 0 |
_aDerecho societario peruano : _bcomentarios a la ley general de sociedades del Perú |
|
| 260 | _c2023 | ||
| 300 |
_a767 páginas : _c25 cm. |
||
| 650 | _aGEN | ||
| 654 | _aCDE | ||
| 942 |
_cLIB _dJUS _fJUS _2ddc _n |
||
| 999 |
_c16238 _d16238 |
||